|
|
|
|
| LEADER |
01045nam a2200289 a 4500 |
| 001 |
AAL3421 |
| 003 |
BD-DhAAL |
| 005 |
20160210174301.0 |
| 008 |
150212s1998 mauab b 001 0 eng |
| 010 |
|
|
|a 97004405
|
| 020 |
|
|
|a 0697316378 (acidfree paper)
|
| 040 |
|
|
|a DLC
|c DLC
|d DLC
|d BD-DhAAL
|
| 050 |
0 |
0 |
|a JF51
|b .S5444 1998
|
| 082 |
0 |
0 |
|a 320.3
|2 21
|
| 999 |
|
|
|c 33678
|d 33678
|
| 999 |
|
|
|c 33678
|
| 100 |
1 |
|
|a Slann, Martin W.
|9 8333
|
| 245 |
1 |
0 |
|a Introduction to politics :
|b governments, and nations in the post cold war era /
|c Martin Slann.
|
| 260 |
|
|
|a Boston :
|b McGraw-Hill,
|c c1998.
|
| 300 |
|
|
|a xii, 308 p. :
|b ill., maps ;
|c 24 cm.
|
| 504 |
|
|
|a Includes bibliographical references and index.
|
| 541 |
|
|
|e 3421
|
| 650 |
|
0 |
|a Comparative government.
|9 8334
|
| 650 |
|
0 |
|a Political science.
|9 8335
|
| 650 |
|
0 |
|a Post-communism.
|9 8336
|
| 942 |
|
|
|2 ddc
|c BK
|
| 952 |
|
|
|0 0
|1 0
|2 ddc
|4 0
|6 320_300000000000000_SLA
|7 0
|9 52607
|a SCL
|b SCL
|c GEN
|d 2015-02-12
|e Gift: The Asia Foundation
|l 1
|m 5
|o 320.3 SLA
|p 3020003421
|r 2020-03-11
|s 2020-01-23
|t 1
|w 2015-02-12
|y BK
|